Selected characteristics of reorganized school districts (Record no. 22197)

MARC details
000 -LEADER
fixed length control field 01004cam a22002651 4500
001 - CONTROL NUMBER
control field e 53000048
003 - CONTROL NUMBER IDENTIFIER
control field DLC
005 - DATE AND TIME OF LATEST TRANSACTION
control field 20260227111235.0
008 - FIXED-LENGTH DATA ELEMENTS--GENERAL INFORMATION
fixed length control field 960808s1953 dcu 000 0 eng c
010 ## - LIBRARY OF CONGRESS CONTROL NUMBER
LC control number e 53000048
035 ## - SYSTEM CONTROL NUMBER
System control number (OCoLC)35212064
040 ## - CATALOGING SOURCE
Original cataloging agency U.S. Office of Education Libr.
Transcribing agency WU
Modifying agency DLC
042 ## - AUTHENTICATION CODE
Authentication code premarc
050 00 - LIBRARY OF CONGRESS CALL NUMBER
Classification number L111
Item number .A6 1953, no. 3
051 ## - LIBRARY OF CONGRESS COPY, ISSUE, OFFPRINT STATEMENT
Classification number LB2861
Item number .F54
082 ## - DEWEY DECIMAL CLASSIFICATION NUMBER
Classification number 379.15
100 1# - MAIN ENTRY--PERSONAL NAME
Personal name Fitzwater, Charles Ocelus,
Dates associated with a name 1906-
245 10 - TITLE STATEMENT
Title Selected characteristics of reorganized school districts
Statement of responsibility, etc. / C. O. Fitzwater.
260 ## - PUBLICATION, DISTRIBUTION, ETC.
Place of publication, distribution, etc. Washington :
Name of publisher, distributor, etc. U.S. Govt. Print. Off.,
Date of publication, distribution, etc. 1953.
300 ## - PHYSICAL DESCRIPTION
Extent x, 49 p. ;
Dimensions 24 cm.
410 10 - SERIES STATEMENT/ADDED ENTRY--CORPORATE NAME [OBSOLETE, CAN/MARC], [LOCAL, USA]
Corporate name or jurisdiction name as entry element [United States].
Subordinate unit Office of Education.
Title of a work Bulletin ;
Volume number/sequential designation 1953, no. 3
501 ## - WITH NOTE
With note Copies 1 and 2 of L111.A6 with: How children learn to write / Helen K. Mackintosh. Washington : U.S. Govt. Print. Off., 1953. Bound together subsequent to publication.
Institution to which field applies DLC
650 #0 - SUBJECT ADDED ENTRY--TOPICAL TERM
Topical term or geographic name entry element Schools
General subdivision Centralization.
740 0# - ADDED ENTRY--UNCONTROLLED RELATED/ANALYTICAL TITLE
Uncontrolled related/analytical title Reorganized school districts.

No items available.

Powered by Koha